000 01222nam a22003497a 4500
003 CHAP
005 20220329140147.0
008 971013s1995 r 00010 d
010 _a47880
011 _a48852
035 _a52999
040 _cCHAP
090 _aTesis
100 0 0 _aNavarro Ríos, J. Jesús.
_980592
245 _aDeterminación de residuos de atrazina en los suelos del Bajío , estado de Guanajuato, Méx.
260 _aChapingo, Méx. :
_bEl autor,
_c1995
300 _a45 h.
_b; anexos
502 _aTesis (Ing. Agr. Esp. en Parasitología Agrícola) -- UACH. Departamento de Parasitología Agrícola
590 _aALEPH
_b10
_c20130110
_lUCH01
_h1318
590 _aBATCH-UPD
_b10
_c20130110
_lUCH01
_h1309
590 _aBATCH-UPD
_b10
_c20130410
_lUCH01
_h0823
590 _aBATCH-UPD
_b10
_c20130914
_lUCH01
_h0426
590 _aCONVERSION
_b10
_c20130109
_lUCH01
_h1326
650 1 4 _aAtrazina.
_98269
650 1 4 _aHerbicidas
_xEfecto en suelos.
_953697
650 1 4 _aMalas hierbas
_xControl.
_970011
650 1 4 _aSuelos
_zGuanajuato.
_9110521
901 _aBK
942 _cFOLL
949 _bBC
_cTES
_d-117776
_eTS1
_h28178
_i52999
_si
949 _bBC
_cTES
_d33724000007357
_eTS2
_fc.2
_h28179
_i52999
_si
999 _c47880
_d47880